Adivina el logo - Argentina 11 - Estadísticas

Estadísticas generales
  • Esta prueba ha sido intentada 30 veces
  • La puntuación promedio es 6 de 16
Estadísticas de respuestas
Imagen Respuesta % Correcto
Pirelli
88%
Día
84%
Cadbury
64%
Unicenter
60%
Paty
52%
47 Street
48%
Jumbo
44%
Kosiuko
40%
Autopistas del Sol
32%
Osde
28%
Vittal
20%
La Juvenil
16%
Ramones
16%
Alba
12%
La Nueva Seguros
12%
Nadir
8%
No se encontraron pruebas coincidentes
Distribución de puntuación
Porcentaje de gente con cada puntuación
Porcentaje por número respondido
Historial de tus puntuaciones
No has intentado esta prueba.